00000000nam 2200000zi 4500
0019.954178
003CaOODSP
00520250818095618
006m     o  d f      
007cr mn ||||||||
008250818e20180117oncd    obs  f000 0 fre d
040 |aCaOODSP|bfre|erda|cCaOODSP
043 |an-cn---
0861 |aCS82-003/2018-1-2F-PDF
1001 |aColapinto, Cynthia K., |eauteur.
24510|aTendances et corrélations de la fréquence de la consommation de fruits et de légumes, 2007 à 2014 / |cpar Cynthia K. Colapinto, John Graham et Sylvie St-Pierre.
264 1|a[Ottawa] : |bStatistique Canada = Statistics Canada, |cle 17 janvier 2018.
264 4|c©2018
300 |a1 ressource en ligne (pages 10-16) : |bgraphiques.
336 |atexte|btxt|2rdacontent/fre
337 |ainformatique|bc|2rdamedia/fre
338 |aressource en ligne|bcr|2rdacarrier/fre
4901 |aRapports sur la santé, |x1209-1375 ; |vvol. 29, no. 1, [2]
500 |aTitre de la couverture.
500 |aPublié aussi en anglais sous le titre : Trends and correlates of frequency of fruit and vegetable consumption, 2007 to 2014.
504 |aComprend des références bibliographiques (pages 15-16).
5203 |a« Il est recommandé de manger des fruits et des légumes dans le cadre d’un régime alimentaire sain. La présente étude décrit les tendances en ce qui concerne la fréquence de la consommation de fruits et de légumes au Canada, la contribution des jus de fruits à ces tendances, ainsi que les corrélations de la fréquence de la consommation de fruits et de légumes » -- Résumé, page 10.
650 6|aAlimentation|zCanada|vStatistiques.
650 6|aNutrition|zCanada|vStatistiques.
655 7|aStatistiques|2rvmgf
7102 |aStatistique Canada, |eorganisme de publication.
77508|tTrends and correlates of frequency of fruit and vegetable consumption, 2007 to 2014 / |w(CaOODSP)9.954175
830#0|aRapports sur la santé (Collection)|x1209-1375 ; |vvol. 29, no. 1, [2].|w(CaOODSP)9.950257
85640|qPDF|s568 Ko|uhttps://publications.gc.ca/collections/collection_2025/statcan/82-003-x/CS82-003-2018-1-2-fra.pdf
8564 |qHTML|sS.O.|uhttps://www150.statcan.gc.ca/n1/pub/82-003-x/2018001/article/54901-fra.htm